La integración como instrumento de desarrollo /
Estudia diversos aspectos de la integración económica centroamericana y vincula este proceso a la estructura general del capitalismo. Examina las características de la economía mundial después de las guerras mundiales y los modelos económicos adoptados en América Latina, incluyendo la acción integra...
Gespeichert in:
| 1. Verfasser: | |
|---|---|
| Format: | Abschlussarbeit |
| Veröffentlicht: |
Guatemala:
Universidad de San Carlos de Guatemala
|
| Schlagworte: | |
| Tags: |
Tag hinzufügen
Keine Tags, Fügen Sie den ersten Tag hinzu!
|
MARC
| LEADER | 00000 a a2200000 04500 | ||
|---|---|---|---|
| 001 | 20136 | ||
| 003 | |||
| 040 | |a CRAI/IIS |c CRAI/IIS | ||
| 090 | |a 08293.00 | ||
| 100 | |a Alvarez Artiaga, Rubén | ||
| 245 | |a La integración como instrumento de desarrollo / |c Rubén Alvarez Artiaga | ||
| 260 | |a Guatemala: |b Universidad de San Carlos de Guatemala | ||
| 300 | |a 237 páginas | ||
| 502 | |a Tesis (Licenciado en Economía) -- Universidad de San Carlos de Guatemala. Facultad de Ciencias Económicas, 1973 | ||
| 520 | |a Estudia diversos aspectos de la integración económica centroamericana y vincula este proceso a la estructura general del capitalismo. Examina las características de la economía mundial después de las guerras mundiales y los modelos económicos adoptados en América Latina, incluyendo la acción integracionista. Analiza dentro del MCCA los organismos de integración, el costo del desarrollo industrial para los países del área y la relación entre integración e imperialismo./ACM | ||
| 650 | |a MCCA | ||
| 650 | |a INTEGRACION ECONOMICA | ||
| 650 | |a DESARROLLO ECONOMICO | ||
| 999 | |c 17987 |d 17987 | ||
